000 00599nam a22002177a 4500
003 UA-OsUOA
001 42774
007 ta
008 20061121b un ||||| |||| 00| 0 ukr d
100 _aКалакура О.
090 _a94(477)
_bК-11
942 _cSA
040 _aUA-OsUOA
_bukr
_cUA-OsUOA
_dUA-OsUOA
245 _aПоляки на землях України в лещатах імперії (1900-1917рр.)
300 _aС.108-129
955 _a0
041 _aukr
080 _a94(477)
773 0 _w42773
650 7 _a9 Географія. Біографії. Історія
_2UDC
999 _c328897
_d328897